K symbióze duše a tela

Bibliographic Details
Main Author: Jílek, Peter F.'Rius, 1983- (Author)
Format: Article
Language:Slovak
ISSN:1335-1702
Subjects:

MARC

LEADER 00000nab a2200000 a 4500
001 vtls009456635
003 SK-MaSNL
005 20260304151131.0
008 250506c2008 xo |r|p|||||||000 b|slo
015 |a SNBRB2008/12  |2 snkbucl 
035 |a (uuid)330914ea-45ed-400b-a873-1151abd6fbe1 
035 |a urn:nbn:sk:snk-ab9xta 
035 |a (urnnbn)urn:nbn:sk:snk:ar-a093vr 
038 |a SNKBUCL 
040 |a SNKBUCL  |b slo  |c SNKBUCL  |e AACR2 
041 0 |a slo 
044 |a xo  |c SK 
080 |a 82.09:821.162.4-1  |x (048)  |2 2001 
080 |a 821.162.4-1  |x (048)  |2 2001 
100 1 |a Jílek, Peter F.'Rius,  |d 1983-  |4 aut  |9 361073 
245 1 0 |a K symbióze duše a tela  |c Peter F. 'Rius Jílek 
650 0 7 |a slovenská poézia  |2 snkbucl  |9 215422 
655 7 |a recenzie  |2 snkbucl  |9 21907 
773 0 |t RAK  |g Roč. XIII, č. 9 (2008), s. 44-45  |x 1335-1702 
787 0 8 |i Rec.:  |a Gavura, Ján, 1975-  |t Každým ránom si  |d Levoča : Modrý Peter, 2006  |z 8085515652 
850 |a Slovenská národná knižnica 
852 |a Slovenská národná knižnica 
958 |a article13 
958 |a OND 
958 |a LX 
958 |a SK 
958 |a RC 
958 |a EUIPO 
999 |c 2941713  |d 2943643